| 000 | 01071pam a2200301 a 4500 | ||
|---|---|---|---|
| 001 | 1370168 | ||
| 003 | ARRUPE | ||
| 005 | 20160330112529.0 | ||
| 008 | 810422s1981 enk b 000 0 eng | ||
| 010 | _a 81005884 | ||
| 020 |
_a071000849X : _c$13.00 |
||
| 040 |
_aDLC _cDLC _dDLC _dOCoLC |
||
| 041 | 1 |
_aeng _hrus |
|
| 050 | 1 | 0 |
_aPL8702 _b.M54 1981 |
| 082 | 0 | 0 |
_a496/.392 _219 |
| 100 | 1 |
_aMya︡china, E. N. _q(Ekaterina Nikolaevna) _922785 |
|
| 240 | 1 | 0 |
_aYazyk suahili _lEnglish |
| 245 | 1 | 4 |
_aThe Swahili language : _ba descriptive grammar / _cE.N. Myachina ; translated by G.L. Campbell. |
| 260 |
_aLondon ; _aBoston : _bRoutledge & Kegan Paul, _c1981. |
||
| 300 |
_avii, 86 p. ; _c22 cm. |
||
| 490 | 1 |
_aLanguages of Asia and Africa, _x0261-0116 ; _vv. 1 |
|
| 500 | _aTranslation of: I︠A︡zyk suakhili. | ||
| 504 | _aBibliography: p. 84-86. | ||
| 650 | 0 |
_aSwahili language _xGrammar. _921432 |
|
| 830 | 0 |
_aLanguages of Asia and Africa (Routledge & Kegan Paul) ; _vv. 1. _922786 |
|
| 906 |
_a7 _bcbc _corignew _d1 _eocip _f19 _gy-gencatlg |
||
| 942 |
_2lcc _cMONOGRAPH |
||
| 999 |
_c124324 _d124324 |
||